000 00329nam a2200157Ia 4500
100 _aRoberts/ Simon
250 _a3
942 _cBK
654 _aComputer
245 _aComplete Java 2 Certification : Study Guide
260 _bB.P.B
_c2001
082 _a5.133
_bROB
300 _a900
546 _aENGLISH
999 _c32259
_d32259